000 00411nam a22001577a 4500
003 OSt
020 _a9788120326278
040 _c0
_d0
082 _222
_a005.11
100 _aPrabhu, C.S.R
245 _aData warehousing :
_bconcepts, techniques, products and applications /
250 _a3rd ed
260 _aNew Delhi,
_bPrentice Hall,
_cc2012.
300 _axi, 171 p. ;
_bill. ;
_c23.5 cm.
942 _2ddc
_cIT
_05
999 _c4899
_d4899